Chambers twentieth century dictionary / (Record no. 10022)
[ view plain ]
| 000 -LEADER | |
|---|---|
| fixed length control field | 00871nam a2200265 a 4500 |
| 003 - CONTROL NUMBER IDENTIFIER | |
| JCCL marc code | BD - JhCC |
| 005 - DATE AND TIME OF LATEST TRANSACTION | |
| control field | 20180404125544.0 |
| 008 - FIXED-LENGTH DATA ELEMENTS--GENERAL INFORMATION | |
| fixed length control field | 180404s1952 stk d 000 0 eng d |
| 035 ## - SYSTEM CONTROL NUMBER | |
| system control number | CURL 7m020000249278(Edi) from jvsc0191 |
| -- | BD - JhCC |
| 040 ## - CATALOGING SOURCE | |
| Original cataloging agency | DLC |
| Transcribing agency | GAT |
| Modifying agency | EUX |
| -- | BD - JhCC |
| 041 ## - LANGUAGE CODE | |
| Language code of Book | eng |
| 050 #0 - LIBRARY OF CONGRESS CALL NUMBER | |
| Classification number | PE1628 |
| Item number | .C43 1952 |
| 082 ## - DEWEY DECIMAL CLASSIFICATION NUMBER | |
| Classification number | 423 |
| Author mark and Year | GED 1952 |
| 100 ## - MAIN ENTRY--PERSONAL NAME | |
| Personal name | Geddie, William |
| 245 00 - TITLE STATEMENT | |
| Title | Chambers twentieth century dictionary / |
| Statement of responsibility, etc | William Geddie, |
| 250 ## - EDITION STATEMENT | |
| Edition statement | New mid-century version / |
| 260 ## - PUBLICATION, DISTRIBUTION, ETC. (IMPRINT) | |
| Place of publication, distribution, etc | Edinburgh : |
| Name of publisher, distributor, etc | Chambers, |
| Date of publication, distribution, etc | 1952. |
| 300 ## - PHYSICAL DESCRIPTION | |
| Pagination | x, 1396p ; |
| Dimensions | 22 cm |
| 500 ## - GENERAL NOTE | |
| General note | First ed. published in 1901 under title: Chambers's twentieth century dictionary of the English language |
| 650 #0 - SUBJECT ADDED ENTRY--TOPICAL TERM | |
| Topical term or geographic name as entry element | English language |
| Form subdivision | Dictionaries |
| 700 1# - ADDED ENTRY--PERSONAL NAME | |
| Personal name | Geddie, William. |
| 740 0# - | |
| Uncontrolled related/analytical title | Twentieth century dictionary |
| 942 ## - ADDED ENTRY ELEMENTS (KOHA) | |
| Source of classification or shelving scheme | Dewey Decimal Classification |
| Koha item type | Reference |
| Source of classification or shelving scheme | Damaged status | Not for loan | Home library | Current library | Shelving location | Date of accession | Total Checkouts | Full call number | Barcode | Date last seen | Copy number | Koha item type |
|---|---|---|---|---|---|---|---|---|---|---|---|---|
| Dewey Decimal Classification | JCC Rouf Library | JCC Rouf Library | General Stacks | 04/04/2018 | 423 GED 1968 | 13455 | 04/04/2018 | C-1 | Reference |